Notes on the Hebrew Text of Genesis (Record no. 6228)

MARC details
000 -LEADER
fixed length control field 00552nam a2200229 a 4500
020 ## - INTERNATIONAL STANDARD BOOK NUMBER
ISBN
082 00 - DEWEY DECIMAL CLASSIFICATION NUMBER
Classification number 220.44
Author Cutter SNA
100 ## - MAIN ENTRY--AUTHOR NAME
Author name Snaith, Norman H
245 ## - TITLE STATEMENT
Title Notes on the Hebrew Text of Genesis
260 ## - PUBLICATION, DISTRIBUTION, ETC. (IMPRINT)
Place of publication London
Name of publisher No Publisher
Year of publication 1959
300 ## - PHYSICAL DESCRIPTION
Number of Pages 50p
500 ## - GENERAL NOTE
General note includes index and biblioraphy
650 ## - SUBJECT ADDED ENTRY--TOPICAL TERM
Topical Term Bible-Hebrew
942 ## - ADDED ENTRY ELEMENTS (KOHA)
Koha item type Books
700 1# -
-- Snaith, Norman H
Holdings
Collection code Home library Current library Date acquired Cost, normal purchase price Full call number Accession Number Koha item type
  Henry Martyn Institute Library Henry Martyn Institute Library 05/26/2008 10.00 220.44 SNA 09999 Books
                   Copyright © 2026 | Henry Martyn Institute | Hyderabad | TS-500052 | INDIA | Implemented by hmi.edu.in
Hit-Count:

Powered by Koha